Taylor Swift - Devine les chansons par leurs bridge #11 - Statistiques

Statistiques générales
  • Ce quiz a été pris 102 fois
  • Le résultat moyen est 7 sur 15
Statistiques - réponses
Hint Réponse % Correct
It turned into something biggerSomewhere in the haze, got a sense I'd been betrayed Your finger on my hairpin triggers Soldier down on that icy ground Looked up at me with honor and truth Broken and blue, so I called off the troops That was the night I nearly lost you I really thought I'd lost you The Great War
90%
Shirts off and your friends lift you up over their headsBeer stickin' to the floor, cheers chanted 'cause they said "There was no chance trying to be the greatest in the league" Where's the trophy? He just comes runnin' over to me The Alchemy
78%
Let me remind youThis was what you wanted (Oh, oh, oh-oh-oh) You ended it You were all I wanted (Oh, oh, oh-oh-oh) But not like this Not like this, not like this Oh, all you had to do was All You Had To Do Was Stay
68%
I'm taking my time, taking my time'Cause you took everything from me Watching you climb, watching you climb Over people like me The master of spin has a couple side flings Good wives always know She should be mad, should be scathing like me, but No one likes a *** mad woman
68%
You did a number on meBut, honestly, baby, who's countin'? I did a number on you But, honestly, baby, who's countin'? You did a number on me But, honestly, baby, who's countin'? Who's countin'? (One, two, three) So It Goes
68%
Since you admitted it (Oh-oh), I keep picturin' (Oh-oh)Her lips on your neck (Oh-oh), I can't unsee it I hate that because of you, I can't love you, *** What a shame, didn't want to be the one that got away How could you do this, ***? (***) Babe
58%
You hold my hand on the streetWalk me back to that apartment Years ago, we were just inside Barefoot in the kitchen Sacred new beginnings That became my religion, listen Cornelia Street
57%
So yeah, it's a fireIt's a goddamn blaze in the dark And you started it You started it So yeah, it's a war It's the goddamn fight of my life And you started it You started it ivy
48%
And I remember that fight, 2:30AMAs everything was slipping right out of our hands I ran out crying and you followed me out into the street Braced myself for the goodbye 'Cause that's all I've ever known Then you took me by surprise You said, "I'll never leave you alone" Mine
44%
If the glint in my eye traced the depths of your sighDown that passage in time back to the moment I crashed into you, like so many wrecks do Too impaired by my youth to know what to do Chloe or Sam or Sophia or Marcus
40%
Tonight, I'm gonna danceFor all that we've been through But I don't wanna dance If I'm not dancin' with you Tonight, I'm gonna dance Like you were in this room But I don't wanna dance If I'm not dancin' with you Holy Ground
35%
Keep your feet ready, heartbeat steadyKeep your *** Keep your aim locked, the night goes dark Keep your *** (Keep your ***) (Keep your ***) (Keep your ***) (Keep your ***) Eyes Open
28%
Tonight, we stand, get off our kneesFight for what we've worked for all these years And the battle was long, it's the fight of our lives But we'll stand up champions tonight Change
22%
What do you tell your friends weShared dinners, long weekends with? Truth is, I can't pretend it's Platonic, it's just ended, so Now That We Don’t Go
16%
And you didn't see me hereThey never did see me here No, you didn't see me here They never saw me Carolina
15%
Aucun quiz correspondant
Distribution des résultats
% des personnes avec chaque résultat
Percentile par nombre de réponses
Votre historique - résultats
Vous n’avez pas pris ce quiz